| 000 | 01643nam a2200397Ia 4500 | ||
|---|---|---|---|
| 001 | ebr10720546 | ||
| 003 | CaPaEBR | ||
| 006 | m o u | ||
| 007 | cr cn||||||||| | ||
| 008 | 121203s2013 nyu sb 001 0 eng d | ||
| 010 | _z 2012048481 | ||
| 020 | _z080145056X (cloth : alk. paper) | ||
| 020 | _z9780801450563 (cloth : alk. paper) | ||
| 020 | _z9780801467516 | ||
| 040 |
_aCaPaEBR _cCaPaEBR |
||
| 035 | _a(OCoLC)860715814 | ||
| 041 | 1 |
_aeng _hfre |
|
| 050 | 1 | 4 |
_aPQ3897 _b.D8313 2013eb |
| 082 | 0 | 4 |
_a840.9/358 _223 |
| 100 | 1 | _aDubreuil, Laurent. | |
| 240 | 1 | 0 |
_aEmpire du langage. _lEnglish |
| 245 | 1 | 0 |
_aEmpire of language _h[electronic resource] : _btoward a critique of (post)colonial expression / _cLaurent Dubreuil ; translated from the French by David Fieni. |
| 260 |
_aIthaca ; _aLondon : _bCornell University Press, _c2013. |
||
| 300 | _a239 p. | ||
| 504 | _aIncludes bibliographical references (p. 203-229) and index. | ||
| 533 |
_aElectronic reproduction. _bPalo Alto, Calif. : _cebrary, _d2013. _nAvailable via World Wide Web. _nAccess may be limited to ebrary affiliated libraries. |
||
| 650 | 0 |
_aFrench literature _zFrench-speaking countries _xHistory and criticism. |
|
| 650 | 0 |
_aFrench language _xPolitical aspects. |
|
| 650 | 0 | _aPostcolonialism. | |
| 651 | 0 |
_aFrench-speaking countries _xHistory. |
|
| 655 | 7 |
_aElectronic books. _2local |
|
| 700 | 1 | _aFieni, David. | |
| 700 | 1 |
_iTranslation of: _aDubreuil, Laurent. _tEmpire du langage. |
|
| 710 | 2 | _aebrary, Inc. | |
| 856 | 4 | 0 |
_uhttp://site.ebrary.com/lib/rucke/Doc?id=10720546 _zAn electronic book accessible through the World Wide Web; click to view |
| 999 |
_c38790 _d38790 |
||